Statistics for Airline A-Z

Click here to take the quiz!

General Stats

  • This quiz has been taken 100 times
  • The average score is 12 of 26

Answer Stats

Letter Passenger # Airlines % Correct
A198.7American Airlines
93%
I104.8 / 49.2 IAG (Group) or IndiGo
86%
B45.2British Airways
86%
D183.7Delta Air Lines
78%
L130 (62.4) / 67.1Lufthansa (Group) or LATAM
71%
K32.7 / 26.8KLM or Korean Air
70%
U143.2United Airlines
68%
Q48.7Qantas
68%
S151.8Southwest Airlines
55%
R128.8Ryanair
54%
J42.3Japan Airlines
48%
T68.6Turkish Airlines
46%
C126.2China Southern
41%
E73.1EasyJet
40%
M20.7Malaysia Airlines
39%
G36.2 / 32.4Garuda Airlines or GOL
38%
O8.5Oman Air
31%
V22Vietnam Airways
29%
F16Frontier
25%
H71.4Hainan Airlines
21%
X22.7Xiamen Air
21%
N33.2Norwegian
17%
W28.3Wizzair
16%
P27.8Pegasus Airlines
5%
ZUnknownZoom Air
3%
Y1.8Yamal Airlines
1%

Score Distribution

Percentile by Number Answered

Percent of People with Each Score

Your Score History

You have not taken this quiz